000 00730nam a2200217Ii 4500
003 JO-AjNU
008 230605s9999||||xx |||||||||||||| ||und||
017 _a1995/2/223
040 _aJO-AjNU
_bara
_erda
_cJO-AjNU
041 _aara
050 1 4 _aK3165.Z68.1996
100 3 _a الزعبي ، خالد ، 1996,
_eauthor
_939389
245 0 0 _aمبادئ القانون الدستوري والنظم السياسية
250 _aط1
264 3 1 _aعمان : المركز العربي للخدمات الطلابية ،1996
300 _a145ص
336 _atext
_btxt
_2rdacontent
337 _aunmediated
_bn
_2rdamedia
338 _avolume
_bnc
_2rdacarrier
650 4 _aالقانون الدستوري -- نظم
_939390
999 _aA16631
_c20199
_d20199